Blur: Albums by Cover - Statistics

General Stats
  • This quiz has been taken 98 times
  • The average score is 8 of 9
Answer Stats
Picture Hint Answer % Correct
1994 Parklife
100%
1997 Blur
93%
1993 Modern Life Is Rubbish
91%
1995 The Great Escape
91%
1999 13
90%
2003 Think Tank
86%
1991 Leisure
84%
2023 The Ballad of Darren
66%
2015 The Magic Whip
64%
No matching quizzes found
Score Distribution
Percent of People with Each Score
Percentile by Number Answered
Your Score History
You have not taken this quiz